000 00871nam a22002657a 4500
005 20170123162329.0
010 _aA-163186
020 _c18.50
035 _aA-163186
037 _bCen Lib/Ret
040 _aDPL
_bUR
082 _aک
_bم ک ن
245 _aعصری ملیالم کہانیاں /
_cایم مکنند ؛ مرتجم عبدالحق
246 _aAsari malyalam kahaniyan /
_bedited by M. Maknand ; traslated by Abdul Haq
260 _bنیشنل بک ٹرسٹ انڈیا
_c1983
_aدہلی
270 _bدہلی
300 _a212p.
_c21cm(Hb)
650 _aادب -- ملیالم
_9120553
650 _aملیالم افسانے
_91541
650 _aMalyalam -- urdu
_9120554
650 _aMalyalam stories
_958243
700 _aعبدالحق
_9120555
700 _aایم مکنند
_9460
942 _2ddc
_cUR
_hک
_mم ک ن
999 _c107650
_d107650